00613nam a22002057a 450000500170000001000130001702000240003003500130005403700160006704000120008308200180009510000170011324500830013026000470021327000450026030000330030565000190033865000320035770000180038920170124110004.0 aA-644638 c00.00a818597242727 aA-644638 bCen Lib/Ret aDPLbEN a363.3492bNAY aNayak, P. K. aKalahandi :cby P. K. Nayak [and] Anil Mahajanbhuman encounter with drought / aNew DelhibReliance Publishing Housec1993 a3026/7H, Ranjit NagarbNew Delhie110008 axxii,151p. :b21cm(Hb)cill. aSocial history aIndia--Kalahandi (District) aMahajan, Anil